Основные параметры и характеристики амальгамно-обменной колонны; Известия Томского политехнического университета [Известия ТПУ]; Т. 309, № 1

Bibliografiske detaljer
Parent link:Известия Томского политехнического университета [Известия ТПУ]/ Томский политехнический университет (ТПУ).— , 2000-
Т. 309, № 1.— 2006.— [С. 74-75]
Hovedforfatter: Тихомиров И. А. Иван Арсентьевич
Andre forfattere: Видяев Д. Г. Дмитрий Геннадьевич, Гринюк А. А. Анна Александровна
Summary:Заглавие с титульного листа
Электронная версия печатной публикации
Описана методика определения основных параметров амальгамно-обменной колонны: коэффициентов разделения (обогащения), числа теоретических тарелок, высоты эквивалентной теоретической тарелки, изменения потока амальгамы с учётом разложения, величины обменного потока.
Sprog:russisk
Udgivet: 2006
Serier:Технические науки
Fag:
Online adgang:http://www.lib.tpu.ru/fulltext/v/Bulletin_TPU/2006/v309/i1/14.pdf
Format: MixedMaterials Electronisk Book Chapter
KOHA link:https://koha.lib.tpu.ru/cgi-bin/koha/opac-detail.pl?biblionumber=171072

MARC

LEADER 00000nla2a2200000 4500
001 171072
005 20231228151641.0
035 |a (RuTPU)RU\TPU\book\185516 
035 |a RU\TPU\book\185507 
090 |a 171072 
100 |a 20091201d2006 k y0rusy50 ca 
101 0 |a rus 
102 |a RU 
135 |a drnn ---uucaa 
181 0 |a i  
182 0 |a b 
200 1 |a Основные параметры и характеристики амальгамно-обменной колонны  |f И. А. Тихомиров, Д. Г. Видяев, А. А. Гринюк 
203 |a Текст  |c электронный 
215 |a 1 файл (268 Кб) 
225 1 |a Технические науки 
300 |a Заглавие с титульного листа 
300 |a Электронная версия печатной публикации 
320 |a [Библиогр.: с. 75 (3 назв.)] 
330 |a Описана методика определения основных параметров амальгамно-обменной колонны: коэффициентов разделения (обогащения), числа теоретических тарелок, высоты эквивалентной теоретической тарелки, изменения потока амальгамы с учётом разложения, величины обменного потока. 
337 |a Adobe Reader 
461 1 |0 (RuTPU)RU\TPU\book\176237  |t Известия Томского политехнического университета [Известия ТПУ]  |f Томский политехнический университет (ТПУ)  |d 2000- 
463 1 |0 (RuTPU)RU\TPU\book\185489  |t Т. 309, № 1  |v [С. 74-75]  |d 2006  |p 267 с. 
610 1 |a параметры 
610 1 |a характеристики 
610 1 |a амальгамно-обменные колонны 
610 1 |a коэффициенты разделения 
610 1 |a теоретические тарелки 
610 1 |a числа 
610 1 |a высоты 
610 1 |a эквивалентные теоретические тарелки 
610 1 |a амальгамы 
610 1 |a обменные потоки 
610 1 |a труды учёных ТПУ 
610 1 |a электронный ресурс 
700 1 |a Тихомиров  |b И. А.  |c российский физик  |c доктор физико-математических наук, профессор Томского политехнического университета  |f 1921-2010  |g Иван Арсентьевич  |3 (RuTPU)RU\TPU\pers\18334 
701 1 |a Видяев  |b Д. Г.  |c физик  |c доцент Томского политехнического университета, доктор технических наук  |f 1973-  |g Дмитрий Геннадьевич  |3 (RuTPU)RU\TPU\pers\28271  |4 070  |9 13215 
701 1 |a Гринюк  |b А. А.  |c физик  |c инженер Томского политехнического университета  |f 1980-  |g Анна Александровна  |3 (RuTPU)RU\TPU\pers\31447 
801 1 |a RU  |b 63413507  |c 20090623  |g PSBO 
801 2 |a RU  |b 63413507  |c 20211014  |g PSBO 
856 4 |u http://www.lib.tpu.ru/fulltext/v/Bulletin_TPU/2006/v309/i1/14.pdf 
942 |c CF